Central Library OPAC University of Rajshahi

Neural networks : (Record no. 38341)

MARC details
000 -LEADER
fixed length control field 00766pam a2200253 a 4500
001 - CONTROL NUMBER
control field 38341
003 - CONTROL NUMBER IDENTIFIER
rucl marc code (BD-RjUL)
005 - DATE AND TIME OF LATEST TRANSACTION
control field 20211209052757.0
008 - FIXED-LENGTH DATA ELEMENTS--GENERAL INFORMATION
fixed length control field 980330s1999 njua b 001 0 eng
020 ## - INTERNATIONAL STANDARD BOOK NUMBER
International Standard Book Number 8178083000
International Standard Book Number 9788178083001
035 ## - SYSTEM CONTROL NUMBER
System control number (BD-RjUL)
040 ## - CATALOGING SOURCE
Original cataloging agency DLC
Transcribing agency (BD-RjUL)
Modifying agency DLC
082 00 - DEWEY DECIMAL CLASSIFICATION NUMBER
Classification number 006.32
Edition number 21
Author mark and year HAN 2004
100 1# - MAIN ENTRY--PERSONAL NAME
Personal name Haykin, Simon S.,
9 (RLIN) 118498
245 10 - TITLE STATEMENT
Title Neural networks :
Remainder of title a comprehensive foundation /
Statement of responsibility, etc. Simon Haykin.
250 ## - EDITION STATEMENT
Edition statement 2nd ed.
260 ## - PUBLICATION, DISTRIBUTION, ETC. (IMPRINT)
Place of publication, distribution, etc. India :
Name of publisher, distributor, etc. Pearson Education,
Date of publication, distribution, etc. c1999 [reprint 2004].
300 ## - PHYSICAL DESCRIPTION
Pagination xxi, 842 p. :
Illustrations ill. ;
Size 25 cm.
504 ## - BIBLIOGRAPHY, ETC. NOTE
Bibliography, etc Includes bibliographical references and index.
650 #0 - SUBJECT ADDED ENTRY--TOPICAL TERM
Topical term or geographic name as entry element Neural networks (Computer science)
9 (RLIN) 118250
942 ## - ADDED ENTRY ELEMENTS (KOHA)
Source of classification or shelving scheme Dewey Decimal Classification
Koha item type Books
Holdings
Lost status Source of classification or shelving scheme Damaged status Not for loan Permanent Location Current Location Shelving location Date acquired Total Checkouts Full call number Date last seen Copy number Koha item type
  Dewey Decimal Classification   Not For Loan Department of Information and Communication Engineering (ICE) Library Department of Information and Communication Engineering (ICE) Library Seminar Library 08/11/2015   006.32 HAN 2004 08/11/2015 C.1 Books